000 00692 a2200229 4500
001 000
003 0000
005 20251017105616.0
020 _a9780367495343
040 _erda
050 _aQA 76.9 .B56
100 _aBalamurugan, B.
245 _aConvergence of Blockchain, AI and IoT
_bA digital platform
_cB. Balamurugan; T. Poongodi; M.R. Manu; S. Karthikeyan and Yogesh Sharma
264 _aBoca Raton
_bCRC Press
_c2023
300 _axvi, 185p. ill.
336 _2rdacontent
338 _2rdacarrier
504 _aIncludes bibliographical references and index
650 _2Blockchains (Databases)
_aInternet of things
651 _2Artificial Intelligence
942 _2lcc
_cBK
999 _c43885
_d43885